| 000 | 00771nam a2200205 i 4500 | ||
|---|---|---|---|
| 001 | 40965 | ||
| 003 | ES-MaACL | ||
| 005 | 20240510063035.0 | ||
| 007 | t| | ||
| 008 | 030307s1925 sp ||||1| spa d | ||
| 100 | 1 |
_aCarpena, Fructuoso, _dca. 1870 -1936 _935428 |
|
| 245 | 1 | 3 |
_aLa estrella de la tarde _b: comedia dramática en 3 actos ; Rosa Cruz : drama en 3 actos ; La Canción que no muere : tragedia en 5 actos / _cFructuoso Carpena ; prólogo de Adolfo Bonilla y San Martín. |
| 260 |
_aMadrid : _b[s.n.], _c1925] ( _fG. Hernández) |
||
| 300 |
_a90 p. ; _c19 cm. |
||
| 700 | 1 |
_aBonilla y San Martín, Adolfo, _d1875-1926 _930193 |
|
| 740 | 0 | _aRosa Cruz. | |
| 740 | 3 | _aLa canción que no muere. | |
| 852 |
_aES-MaACL _jA-535 |
||
| 999 |
_c40965 _d40965 |
||